000
00345 a2200169 4500
001
175220
020
_a
85-322-3776-2
040
_c
Magnum
100
_a
Pietrocola, MaurĂcio
240
1
0
_a
Calor e temperatura
_l
por
245
1
0
_a
Calor e temperatura
300
_a
63
362
0
_a
1997
440
1
_a
FTD
697
_a
CALOR
942
_c
BK
999
_c
175220
_d
175220